00345nam a2200133Ia 45000030006000000080041000060400015000471000020000622450047000822600047001293000006001765460012001820050017001940STCL150530s9999 xx 000 0 und d aSTCLcSTCL aSharda Iyer, N. aMusings of Indian Writing in English Vol.2 bSarup and sons; New Delhic2005aNew Delhi a0 aEnglish20220125170644.0